Les 10 villes les plus peuplées de Martinique (972) - Statistiques

Statistiques générales
  • Ce quiz a été pris 42 fois
    29 depuis la dernière actualisation
  • Le résultat moyen est 7 sur 10
Statistiques - réponses
Population Communes % Correct
74 900 Fort de France
100%
39 600 Le Lamentin
96%
21 300 Le Robert
81%
19 300 Schoelcher
81%
17 900 Ducos
73%
16 000 Le François
62%
11 900 Rivière-Salée
62%
16 100 Saint-Joseph
62%
11 800 Rivière Pilote
54%
14 600 Sainte-Marie
50%
Aucun quiz correspondant
Distribution des résultats
% des personnes avec chaque résultat
Percentile par nombre de réponses
Votre historique - résultats
Vous n’avez pas pris ce quiz depuis la dernière actualisation